000 00387nam a2200157Ia 4500
008 210716s2000 xx 000 0 und d
020 _a9788131504048
041 _aeng
082 _a155.9042 SCHW
100 _aSchafer,Walt.
245 _aStress management.
250 _a4
260 _aNew Delhi
_bCengage Learning India Pvt Ltd
_c2000
300 _axi,525
650 _aPsychology
999 _c204702
_d204702